|
|
|
|
| LEADER |
00000nkm a2200000 a 4500 |
| 001 |
vtls011973929 |
| 003 |
SK-MaSNL |
| 005 |
20260512123736.0 |
| 007 |
kp bo |
| 008 |
231120q1935 xo g 00 kuslo |
| 015 |
|
|
|a SNBG1935
|
| 035 |
|
|
|a urn:nbn:sk:snk-km00ege0
|
| 035 |
|
|
|a urn:nbn:sk:snk-km43cmo
|
| 035 |
|
|
|a 0503E51F-3830-4D24-8F6D-BE028A1857A5
|
| 040 |
|
|
|a SNK
|b slo
|c SNK
|e AACR2
|
| 041 |
0 |
|
|a slo
|
| 043 |
|
|
|a e-xo---
|
| 044 |
|
|
|a xo
|c SK
|
| 072 |
|
7 |
|a 908(437)
|x Vlastiveda Česka a Slovenska
|2 konspekt
|
| 080 |
|
|
|a (084.121)
|2 2011
|
| 080 |
|
|
|a 908(437.6)
|2 2011
|
| 080 |
|
|
|a 551.24.055
|2 2011
|
| 080 |
|
|
|a (234.372.4)
|2 2011
|
| 245 |
0 |
0 |
|a Panoráma Malej Fatry od Budatína
|h grafika
|
| 260 |
|
|
|a [Žilina]
|b O.T.Ž.
|c [1935?]
|
| 300 |
|
|
|a 1 pohľadnica
|b čiernobiela
|c 9 x 14 cm
|
| 520 |
8 |
|
|a Zobrazenie: V bielom orámovaní pohľad na panoramu Malej Fatry od Budatína pri zábradlí pri ceste stojí muž a pozerá na hory
|
| 650 |
0 |
7 |
|a vrchy a štíty
|2 SNKPH
|9 165131
|
| 651 |
|
7 |
|a Malá Fatra (Slovensko : pohorie)
|2 SNKPHgeo
|9 56372
|
| 655 |
|
7 |
|a geografické pohľadnice
|2 SNKPH
|9 70522
|
| 852 |
|
|
|a Slovenská národná knižnica
|
| 954 |
|
|
|a pohľadnice pôvodné (slovenské)
|2 lita
|
| 958 |
|
|
|a OND
|
| 958 |
|
|
|a GC
|
| 958 |
|
|
|a GBN
|
| 958 |
|
|
|a EUIPO
|
| 999 |
|
|
|c 780313
|d 782243
|
| 952 |
|
|
|a SNK
|b SNK
|y PREZ
|7 0
|p 17A1378761
|o snkSP 107382
|z Pohľadnica prešla poštou.
|0 0
|1 0
|4 0
|d 2020-06-15
|f 1
|l 0
|r 2026-02-24 01:02:39
|w 2026-02-24
|